№ 4; Математика (РЖ)

Bibliographische Detailangaben
Parent link:Математика (РЖ): реферативный журнал/ ВИНИТИ. № 4.— , 1954-.— 0034-2467
Sprache:Russisch
Veröffentlicht: 2008
Schlagworte:
Format: MixedMaterials Buch
KOHA link:https://koha.lib.tpu.ru/cgi-bin/koha/opac-detail.pl?biblionumber=406556

MARC

LEADER 00000nam2a2200000 4500
001 406556
005 20231101070531.0
035 |a (RuTPU)RU\TPU\prd\57731 
090 |a 406556 
100 |a 20080528a19549999k y0rusy50 ca 
101 0 |a rus 
102 |a RU 
200 0 |a № 4 
210 |d 2008 
461 1 |0 (RuTPU)RU\TPU\prd\241  |x 0034-2467  |t Математика (РЖ)  |o реферативный журнал  |f ВИНИТИ  |v № 4  |d 1954- 
610 1 |a реферативные журналы 
801 0 |a RU  |b 63413507  |c 20010227  |g PSBO 
801 1 |a RU  |b 63413507  |c 20080528  |g PSBO 
801 2 |a RU  |b 63413507  |c 20170130  |g RCR 
942 |c BK 
999 |a НТБ_ТПУ  |b ЧЗТЛ  |e -1/20080109  |p РЖ  |s 8/20070918  |u 3906,67  |v 1